| 000 | 00864nam a2200193 a 4500 | ||
|---|---|---|---|
| 008 | 121217s2012 ||||||||||||||||| || u | ||
| 020 | _a9789211170610 | ||
| 050 | _aUN-ECE(08)EPR/36 | ||
| 110 | _aUnited Nations Economic Commission for Europe (UNECE) | ||
| 245 | 1 | 0 |
_aEnvironmental performance reviews: Albania.-- 2nd Review _cby United Nations Economic Commission for Europe [UNECE] |
| 260 |
_aGeneva: _bUnited Nations Economic Commission for Europe (UNECE) _c2012 |
||
| 300 | _axxviii, 201p.: ill. | ||
| 490 | _aEnvironmental performance reviews | ||
| 500 | _aBibliography | ||
| 650 | _aENVIRONMENTAL PROTECTION--ALBANIA | ||
| 650 | _aENVIRONMENTAL MANAGEMENT--ALBANIA | ||
| 650 | _aENVIRONMENTAL POLICY--ALBANIA | ||
| 995 |
_FCBU-MAIN LIBRARY (Kitwe) _M1 _UAVAILABLE _WDec 20, 2012 _ZInternational Publications |
||
| 999 |
_c42233 _d42233 |
||